Costituzioni e codici. Appunti e documenti di storia del diritto italiano (a.a. 1996 1997)

Na minha lista:
Detalhes bibliográficos
Autor principal: Pene Vidari, Gian Savino (Author)
Outros Autores: Benedettí, Claudia De (a cura)
Formato: Livro
Idioma:Língua italiana
Publicado em: Torino, Italia: G. Giappichelli, 1996.
Assuntos:
Tags: Adicionar Tag
Sem tags, seja o primeiro a adicionar uma tag!

MARC

LEADER 00000nam a2200000 a 4500
001 UCP3534
003 CL-VaPUC
005 20220822114340.0
008 990625e19960000IT |||||||||||||||||ita|d
999 |c 281842  |d 281840 
020 |a 88-348-6138-8 
040 |c Pontificia Universidad Católica de Valparaíso 
082 0 4 |a 349.45 PEN 1996  |2 21 
100 0 |a Pene Vidari, Gian Savino  |e author  |9 430909 
245 1 0 |a Costituzioni e codici.  |b Appunti e documenti di storia del diritto italiano (a.a. 1996 1997) 
260 |a Torino, Italia:  |b G. Giappichelli,   |c 1996. 
300 |a 175 páginas.  
500 |a c.2 Donación Familia Prof. Alejandro Guzmán Brito. 
583 |a last modification  |c 19990625 00:00:00  |k Rodrigo Vera 
650 0 |a Jurisprudencia  |9 255952 
650 0 |a Historia del derecho  |9 255109 
700 |a Benedettí, Claudia De   |e a cura   |9 866184 
942 |c BK  |2 ddc  |n 0 
945 |d 19990625 00:00:00  |a vberengu 
952 |0 0  |1 0  |4 0  |6 349_450000000000000_PEN_1996  |7 0  |8 DER_HIS  |9 322845  |a BIBDER  |b BIBDER  |d 2019-11-20  |i 3505677  |o 349.45 PEN 1996  |p 3505677  |r 2023-01-25  |w 2019-11-20  |x Ubicación 4to Piso  |y BK  |z Estos recursos deben solicitarse con anticipación  |k DER